000 00904nam a2200193 i 4500
001 161238
003 ES-MaACL
005 20250811074512.0
008 990614s1868 sp |||| | spa d
080 _a347.999(460)
100 1 _aPage, Luis.
_9130768
245 1 0 _aExposiciones dirigidas al Senado y al Congreso por Don Luis Page, acompañadas de las ejecutorias del Tribunal Supremo de Justicia, fechas 31 de marzo de 1842, 12 de abril de 1855, 28 de marzo de 1867... sobre la supresión de los tribunales especiales de comercio.
260 _aMadrid :
_b[s.n.],
_c1868 (
_fImp. y Estereotipia de M. Ribadeneyra)
300 _a34, [2] p. ;
_c27 cm.
650 4 _aTribunales de comercio-
_zEspaña.
_9164320
710 1 _aEspaña.
_bTribunal Supremo
_94004
852 4 _aES-MaACL
_jT-65-F-12
_z- Enc. hol., falto de cub. original
_z- Enc. en un vol. facticio
999 _c161238
_d161238